00973nam a2200265 a 4500999001500000001000600015003000900021005001700030008004100047020001500088040002800103082001600131245008400147260004500231300003900276504005100315505001100366650003200377650006200409650003800471650004300509700002500552942001200577952011800589 c3899d389919348BD-DhUAP20200315113248.0200315s2006 enka b 001 0 eng d a9848715061 aDLCcDLCdBD-DhUAPbEng00223a810 AME10aAmerican voice voices :ban American literature reader /cEdited by Niaz Zaman. aDhaka,Bangladesh :bWriters.ink,cc2006. avolumes :billustrations ;c27 cm. aIncludes bibliographical references and index. aV. 2-- 0aAmerican literature.919596 0aNational characteristics, American, in literature.919597 0aNationalism in literature.919598 0aMulticulturalism in literature.9195991 aZaman, Niaz .919600 2ddccBK 00102ddc4070aUAPCLbUAPCLcGeneral Stacksd2020-03-15o810 AME V-2p3010019348r2020-03-15t1w2020-03-15yBK